000 00435cam a2200181ua 4500
020 _c3.50
041 _aeng
_h
082 _a828.09
_bMUL/MO
100 _aMullik, B.R.
245 _aModern literature ( Drama) vol-11 /
_cB R Mullik.
_hTextual Documents
250 _a2 /
_b.
260 _aNew Delhi :
_bS.Chand and Co ,
_c1963.
300 _a95 ; .
365 _a3.50
504 _a
942 _cBK
999 _c5341
_d5341